|
003 -Nazwa inst., której nr kontr. jest w polu 001 [,]
|
-
- @
- Nazwa instytucji, której n kontrolny jest w polu 001
- NUKAT
|
|
005 -DATA I CZAS OSTATNIEJ MODYFIKACJI [,]
|
-
- @
- pole kontrolne
- 20241231102816.0
|
|
020 -Międzynarod. znormalizowany nr książki - ISBN [ , ]
|
-
- a
- Numer ISBN
- 9788363186050
|
|
040 -Instytucja sporządzająca opis [ , ]
|
-
- a
- Instytucja, która sporządziła opis (NP)
- Ł U/ew
-
- b
- Język katalogowania
- pol
-
- e
- Zasady katalogowania
- rda
-
- c
- Instytucja, która sporządziła rekord (NP)
- Ł U/ew
-
- d
- Instytucja, która zmodyfikowała rekord (P)
- Ł U/ew
-
- d
- Instytucja, która zmodyfikowała rekord (P)
- Ł U/ips
-
- d
- Instytucja, która zmodyfikowała rekord (P)
- GL 001/FAK
|
|
942 -Rodzaj dokumentu [ , ]
|
-
- c
- Rodzaj dokumentu
- Książka
|
|
245 -Strefa tytułu i oznaczenia odpowiedzialności [1,0]
|
-
- a
- Tytuł
- Przewozy intermodalne /
-
- c
- Pozostałe elementy strefy tytułu i oznaczenia odpowiedzialności (NP)
- autorzy: Juliusz Engelhardt, Ireneusz Fechner, Marcin Foltyński, Maria Matusiewicz, Piotr Frąckowiak, Marcin Hajdul, Michał Szlendak, Włodzimierz Rydzkowski, Krystyna Wojewódzka-Król, Ryszard Rolbiecki, Henryk Zielaskiewicz ; Włodzimierz Rydzykowski (red.).
|
|
250 -Strefa wydania [ , ]
|
-
- a
- Oznaczenie wydania (NP)
- Wyd. I.
|
|
260 -Strefa adresu wydawniczego [ , ]
|
-
- a
- Miejsce wydania (P)
- Poznań :
-
- b
- Nazwa wydawcy (P)
- Instytut Logistyki i Magazynowania,
-
|
|
080 -Uniwersalna Klasyfikacja Dziesiętna [ , ]
|
-
- 2
- Identyfikator wydania tablic
- UDC-P058
-
-
- a
- Symbol klasyfikacji
- 656.07
-
- b
- Dopowiedzenie
- Zarządzanie transportem. Kierowanie przewozami. Obsługa przewozów towarów, zwierząt i osób.
|
|
080 -Uniwersalna Klasyfikacja Dziesiętna [ , ]
|
-
- 2
- Identyfikator wydania tablic
- UDC-P058
-
-
- a
- Symbol klasyfikacji
- 656.01
-
- b
- Dopowiedzenie
- Zagadnienia organizacyjne w ogólności. Parkingi. Miejsca postojowe.
|
|
080 -Uniwersalna Klasyfikacja Dziesiętna [ , ]
|
-
- 2
- Identyfikator wydania tablic
- UDC-P058
-
-
- a
- Symbol klasyfikacji
- 658.78
-
- b
- Dopowiedzenie
- Zarządzanie zapasami. Gospodarka magazynowa. Spedycja.
|
|
650 -Hasło przedmiotowe [ ,7]
|
-
- a
- Hasło przedmiotowe
- Transport kombinowany.
-
-
|
|
650 -Hasło przedmiotowe [ ,7]
|
-
- a
- Hasło przedmiotowe
- Transport kombinowany
-
- z
- Określnik geograficzny
- Polska
-
- y
- Określnik chronologiczny
- 1990-.
-
-
|
|
650 -Hasło przedmiotowe [ ,7]
|
-
- a
- Hasło przedmiotowe
- Polityka transportowa
-
- z
- Określnik geograficzny
- Polska
-
- y
- Określnik chronologiczny
- 1990-.
-
-
|
|
980 -Symbol UKD [ , ]
|
-
- a
- UKD
- 656.07:656.01:658.78
|
|
700 -Hasło dodatkowe - nazwa osobowa [1, ]
|
-
- a
- Nazwa osobowa (NP)
- Fechner, Ireneusz.
-
- e
- Określenie rodzaju współpracy
- Autor
-
|
|
700 -Hasło dodatkowe - nazwa osobowa [1, ]
|
-
- a
- Nazwa osobowa (NP)
- Foltyński, Marcin.
-
- e
- Określenie rodzaju współpracy
- Autor
-
|
|
700 -Hasło dodatkowe - nazwa osobowa [1, ]
|
-
- a
- Nazwa osobowa (NP)
- Matusiewicz, Maria.
-
- e
- Określenie rodzaju współpracy
- Autor
-
|
|
700 -Hasło dodatkowe - nazwa osobowa [1, ]
|
-
- a
- Nazwa osobowa (NP)
- Frąckowiak, Piotr.
-
- e
- Określenie rodzaju współpracy
- Autor
-
|
|
700 -Hasło dodatkowe - nazwa osobowa [1, ]
|
-
- a
- Nazwa osobowa (NP)
- Hajdul, Marcin.
-
- e
- Określenie rodzaju współpracy
- Autor
-
|
|
700 -Hasło dodatkowe - nazwa osobowa [1, ]
|
-
- a
- Nazwa osobowa (NP)
- Szlendak, Michał.
-
- e
- Określenie rodzaju współpracy
- Autor
-
|
|
700 -Hasło dodatkowe - nazwa osobowa [1, ]
|
-
- a
- Nazwa osobowa (NP)
- Rydzkowski, Włodzimierz.
-
- e
- Określenie rodzaju współpracy
- Redakcja
-
- e
- Określenie rodzaju współpracy
- Autor
-
|
|
700 -Hasło dodatkowe - nazwa osobowa [1, ]
|
-
- a
- Nazwa osobowa (NP)
- Wojewódzka-Król, Krystyna
-
- d
- Daty biograficzne (NP)
- (1948- ).
-
- e
- Określenie rodzaju współpracy
- Autor
-
|
|
700 -Hasło dodatkowe - nazwa osobowa [1, ]
|
-
- a
- Nazwa osobowa (NP)
- Rolbiecki, Ryszard
-
- d
- Daty biograficzne (NP)
- (1966- ).
-
- e
- Określenie rodzaju współpracy
- Autor
-
|
|
700 -Hasło dodatkowe - nazwa osobowa [1, ]
|
-
- a
- Nazwa osobowa (NP)
- Zielaskiewicz, Henryk.
-
- e
- Określenie rodzaju współpracy
- Autor
-
|
|
710 -Hasło dodatkowe - nazwa ciała zbiorowego [2, ]
|
-
- a
- Nazwa ciała zbiorowego lub nazwa geograficzna jako pierwszy element (NP)
- Instytut Logistyki i Magazynowania (Poznań).
-
- e
- Rodzaj współpracy
- Wydawca
-
-
|